Arctic Monkeys Studio Album Discography - Statistics

General Stats
  • This quiz has been taken 125 times
    92 since last reset
  • The average score is 70 of 87
Answer Stats
Hint Answer % Correct
12. 505
95%
Album #5 AM
95%
Album #4 Suck It and See
95%
11. Suck It and See
95%
2. Crying Lightning
94%
1. Do I Wanna Know?
94%
Album #3 Humbug
94%
2. R U Mine?
94%
Album #1 Whatever People Say I Am, That's What I'm Not
94%
Album #2 Favourite Worst Nightmare
92%
2. I Bet You Look Good on the Dancefloor
92%
12. I Wanna Be Yours
92%
11. Old Yellow Bricks
92%
9. Why'd You Only Call Me When You're High?
92%
4. Arabella
91%
5. Fluorescent Adolescent
91%
2. Teddy Picker
91%
Album #7 The Car
91%
6. The Car
91%
5. Body Paint
89%
1. Brianstorm
89%
8. Fireside
89%
4. Balaclava
88%
6. No.1 Party Anthem
88%
Album #6 Tranquility Base Hotel & Casino
88%
4. Tranquility Base Hotel & Casino
88%
13. A Certain Romance
86%
7. Cornerstone
86%
7. Mad Sounds
86%
9. Mardy Bum
86%
6. Only Ones Who Know
86%
7. Riot Van
86%
5. I Want It All
84%
11. Knee Socks
84%
1. The View from the Afternoon
84%
3. D is for Dangerous
83%
7. Do Me a Favour
83%
5. Don't Sit Down 'Cause I've Moved Your Chair
83%
1. My Propeller
83%
3. One for the Road
83%
3. Fake Tales of San Francisco
81%
6. Four Out of Five
81%
10. Love is a Laserquest
81%
10. The Bad Thing
81%
1. There'd Better Be A Mirrorball
81%
8. This House is a Circus
81%
4. Dancing Shoes
80%
9. Mr. Schwartz
80%
1. Star Treatment
80%
10. The Jeweller's Hands
80%
11. When the Sun Goes Down
80%
6. Fire and the Thud
78%
2. One Point Perspective
78%
10. Perhaps Vampires Is a Bit Strong But...
78%
9. Piledriver Waltz
78%
1. She's Thunderstorms
78%
10. Snap Out Of It
78%
2. Black Treacle
77%
3. Dangerous Animals
77%
6. Library Pictures
77%
4. Secret Door
77%
8. Dance Little Liar
75%
12. From the Ritz to the Rubble
75%
8. Hello You
73%
2. I Ain't Quite Where I Think I Am
73%
9. If You Were There, Beware
73%
4. Jet Skis on the Moat
73%
5. Potion Approaching
73%
9. Pretty Visitors
73%
8. Red Light Indicates Doors Are Secured
73%
11. The Ultracheese
73%
3. Sculptures of Anything Goes
72%
9. She Looks Like Fun
72%
6. Still Take You Home
72%
4. The Hellcat Spangled Shalalala
72%
10. Batphone
70%
3. Brick by Brick
70%
7. All My Own Stunts
69%
10. Perfect Sense
69%
7. The World's First Ever Monster Truck Front Flip
69%
7. Big Ideas
66%
5. Golden Trunks
66%
12. That's Where You're Wrong
66%
3. American Sports
64%
8. Reckless Serenade
64%
5. You Probably Couldn't See for the Lights but You Were Staring Straight at Me
64%
8. Science Fiction
56%
No matching quizzes found
Score Distribution
Percent of People with Each Score
Percentile by Number Answered
Your Score History
You have not taken this quiz since the last reset